|
|
|
|
| LEADER |
00000cam a2200000 7i4500 |
| 001 |
0000006673 |
| 005 |
20151222.0 |
| 008 |
070817 |
| 020 |
|
|
|a 9833241476
|
| 090 |
0 |
0 |
|a JF
|b NS MAL (6388)
|
| 100 |
0 |
|
|a Syed Hafidz
|
| 245 |
1 |
0 |
|a Seloka kiasan menuju wawasan :
|b Pantun
|c Syed Hafidz
|
| 260 |
|
|
|a Selangor :
|b Penerbitan PCT ,
|c 2006
|
| 440 |
|
0 |
|a Siri puisi moden semasa
|
| 500 |
|
|
|a Children ages 7-9 years old (orange)
|
| 650 |
|
0 |
|a Junior fiction
|x Malay
|x Languages
|
| 650 |
|
0 |
|a Malay poetry
|
| 650 |
|
0 |
|a Pantun
|
| 999 |
|
|
|a 0000917431
|b Book
|c Children Collection
|e Cawangan Bukit Gambir
|
| 999 |
|
|
|a 0000917432
|b Book
|c Children Collection
|e Cawangan Bukit Gambir
|
| 999 |
|
|
|a 0000927711
|b Book
|c Children Collection
|e Cawangan Tangkak
|
| 999 |
|
|
|a 0000927712
|b Book
|c Children Collection
|e Cawangan Tangkak
|
| 999 |
|
|
|a 0000986071
|b Book
|c Children Collection
|e Perbadanan Perpustakaan Awam Johor
|
| 999 |
|
|
|a 0000986072
|b Book
|c Children Collection
|e Perbadanan Perpustakaan Awam Johor
|
| 999 |
|
|
|a 0000986073
|b Book
|c Children Collection
|e Perbadanan Perpustakaan Awam Johor
|
| 999 |
|
|
|a 0000986074
|b Book
|c Children Collection
|e Perbadanan Perpustakaan Awam Johor
|
| 999 |
|
|
|a 0000986075
|b Book
|c Children Collection
|e Cawangan Tmn. Ungku Tun Aminah
|
| 999 |
|
|
|a 0001148379
|b Book
|c Children Collection
|e Cawangan Bandar Penawar
|
| 999 |
|
|
|a 0001148380
|b Book
|c Children Collection
|e Cawangan Tmn. Ungku Tun Aminah
|
| 999 |
|
|
|a 00917433
|b Book
|c Children Collection
|e Cawangan Bukit Gambir
|